| 000 | 00872cab a22002055a 4500 | ||
|---|---|---|---|
| 001 | L144106 | ||
| 008 | 080618e20080613xxka f 000 0 eng d | ||
| 035 | _a(Sirsi) u144106 | ||
| 041 | 0 | _aeng | |
| 100 | 1 | _aUnger, Paul | |
| 245 | 0 | 0 |
_aRegional report _bLancashire and Cumbria |
| 260 | _c2008 | ||
| 490 | 0 |
_aProperty Week _v73(24) 13 June 2008, 82-83(2), 77-89(6) |
|
| 520 | _aReports on market news and deals from around the region. Discusses plans to use the expansion of airports at Blackpool and Carlisle to turn the towns into international business locations. Examines how further education colleges are redeveloping their campuses. Looks at retail development rivalry between Blackburn, Blackpool and Preston. | ||
| 590 | _aKA | ||
| 651 | 4 | _aLancashire | |
| 651 | 4 | _aCumbria | |
| 690 | _aPROPERTY-COMMERCIAL PROPERTY-COMMERCIAL PROPERTY MARKET | ||
| 942 | _n0 | ||
| 999 |
_c80343 _d80343 |
||